00453nam a22001937a 4500999001900000010001300019035001300032037001300045082001600058100001800074245003000092250000900122260001900131270002900150300002300179700001800202760000900220942003000229 c162994d162994 aB-158593 aA-158593 aDBAD/PUB 22004a155.4 aJafar, Mahmud aChild PsychologyhEnglish a2004 aNew DelhibAPH a5, Ansari Road Daryaganj a254 pasec21 CM HB aJafar, Mahmud b2004 2ddccENe2004h155.4kJAF